Drapeaux d'Afrique: ordre aléatoire - Statistiques

Statistiques générales
  • Ce quiz a été pris 6 209 fois
  • Le résultat moyen est 41 sur 54
Statistiques - réponses
Par images Réponse % Correct
Maroc
96%
Afrique du Sud
95%
Algérie
94%
Égypte
94%
Tunisie
94%
Côte d'Ivoire
93%
Kenya
90%
Nigeria
89%
République Démocratique du Congo
87%
Angola
86%
Seychelles
86%
Sénégal
85%
Cameroun
84%
Madagascar
83%
Tchad
83%
Liberia
82%
Somalie
82%
Mauritanie
81%
Ouganda
81%
Niger
80%
Cap-Vert
79%
Éthiopie
79%
Mali
79%
Eswatini
77%
Soudan
77%
Tanzanie
77%
Lesotho
76%
Libye
76%
Mozambique
75%
République Centrafricaine
75%
Burkina Faso
74%
Comores
74%
Burundi
72%
Ghana
72%
Malawi
72%
République du Congo
72%
Botswana
71%
Zambie
70%
Bénin
69%
Gabon
69%
Maurice
69%
Zimbabwe
69%
Érythrée
68%
Togo
68%
Guinée
67%
Djibouti
66%
Guinée Équatoriale
66%
Rwanda
66%
Soudan du Sud
66%
Guinée-Bissau
62%
Namibie
62%
Sierra Leone
62%
Sao Tomé-et-Príncipe
61%
Gambie
58%
Aucun quiz correspondant
Distribution des résultats
% des personnes avec chaque résultat
Percentile par nombre de réponses
Votre historique - résultats
Vous n’avez pas pris ce quiz